| 000 | 01528cam a2200385 i 4500 | ||
|---|---|---|---|
| 001 | 26194 | ||
| 003 | Mx-PuUPA | ||
| 005 | 20251029145928.0 | ||
| 008 | 140415s2008 mx gr 000 f spa d | ||
| 020 | _a9789708102551 | ||
| 040 |
_cMx-PuUPA _aMx-PuUPA _bspa _dMx-PuUPA _erda |
||
| 041 | 1 |
_aspa _heng |
|
| 043 | _ae-uk--- | ||
| 100 | 1 |
_aFollett, Ken, _d1949- _97839 _eautor |
|
| 240 | 1 | 0 |
_aWolrd without end. _lEspañol |
| 245 | 1 | 3 |
_aUn mundo sin fin / _bKen Follet ; traducción de Anuvela |
| 250 |
_aPrimera edición / _benero |
||
| 264 | 1 |
_aMéxico, D.F. : _bPlaza & Janes, _c2008 |
|
| 300 |
_a1178 páginas ; _c23 cm |
||
| 336 |
_2rdacontent _atexto _btxt |
||
| 337 |
_2rdamedia _asin medio _bn |
||
| 338 |
_2rdacarrier _avolumen _bnc |
||
| 650 | 7 |
_2armarc _aPeste negra _zInglaterra _vNovela |
|
| 650 | 7 |
_2armarc _aNovela histórica inglesa |
|
| 650 | 7 |
_2armarc _aLiteratura inglesa _ySiglo XX |
|
| 651 | 4 |
_aGran Bretaña _xHistoria _ySiglo XIV _vNovela |
|
| 655 | 4 | _aNovela histórica inglesa | |
| 710 | 1 |
_aAnuvela _etraductor |
|
| 765 | 0 |
_aFollet, Ken _tWorld without end |
|
| 780 | 0 | 0 |
_aFollet, Ken, _tLos pilares de la Tierra _dMéxico : Penguin Random House Grupo Editorial, 2015 _bTercera edición _w(Mx-PuUPA) 66344 _z9786073129428 |
| 780 | 0 | 0 |
_aFollet, Ken, _tLos pilares de la Tierra _dSant Andreu de la Barca, Barcelona : Plaza & Janés Editores, Debolsillo, 2001 _bSegunda edición _w(Mx-PuUPA) 58317 _z8484503844 |
| 942 |
_2ddc _cLI |
||
| 999 |
_c26194 _d26194 |
||